MMI Grenoble - Statistiques

Statistiques générales
  • Ce quiz a été pris 42 fois
  • Le résultat moyen est 5 sur 9
Statistiques - réponses
Hint Réponse % Correct
Quel est le système d'exploitation préféré de M Jacquot? Linux
93%
Quel est le prof qui à inventé la pause de rien ? Cardon
81%
Quel est la filière qui à le moins d'avenir Créa
78%
Qui dit "vous suivez" ? Fouad
63%
Quel prof n'est jamais là ? Andréacola
44%
Quel étais l'ancienne adresse de l'iut 17 quai Claude Bernard
41%
Quel BDE s'était endetté à hauteur de 4 500 euros ? BDE Commico
33%
Quel est le prix du Choco Banger (euro) ? 0,70
22%
Quelle est la prof la plus raciste de MMI? Favrel
19%
Aucun quiz correspondant
Distribution des résultats
% des personnes avec chaque résultat
Percentile par nombre de réponses
Votre historique - résultats
Vous n’avez pas pris ce quiz